000 00515nam a2200169Ia 4500
008 090201s9999 xx 000 0 und d
010 _aKPL-28129
040 _bमराठी
041 _aमराठी
082 _a28892
_b28129
100 _aचारूशिला गुप्ते
245 _aपालखी
_cचारूशिला गुप्ते
260 _c2004
_bराजेश प्रकाशन
300 _a191
_bमोठा
600 _aपालखी
942 _cBOOK
999 _c227556
_d227556